000 00271nam a2200109Ia 4500
005 20251222154358.0
008 251222s9999||||xx |||||||||||||| ||spa||
082 _a868.9/G46
100 _a"Giménez Caballero, Ernesto"
245 0 _aJunto a la tumba de Larra
942 _cLIB
999 _c35178
_d35178